Regina caeli laetere : for 6 voices /
Saved in:
| Main Author: | |
|---|---|
| Other Authors: | |
| Format: | Musical Score |
| Language: | Latin |
| Published: |
[London] :
Mapa Mundi,
c1979.
|
| Series: | Mapa Mundi (Series). Spanish church music ;
no. 44. |
| Subjects: | |
| Tags: |
Add Tag
No Tags, Be the first to tag this record!
|
| LEADER | 01158ccm a2200313Mi 4500 | ||
|---|---|---|---|
| 001 | 010913232-7 | ||
| 005 | 20071015211204.0 | ||
| 008 | 950120s1979 enkzza deh n lat d | ||
| 035 | 0 | |a ocm10044682 | |
| 035 | 0 | |a ocm17213116 | |
| 040 | |a NYP |c NYP |d HTV | ||
| 041 | 1 | |a lat |e eng |g eng | |
| 045 | 2 | |b d1530 |b d1580 | |
| 048 | |a ca06 | ||
| 100 | 1 | |a Navarro, Juan, |d approximately 1550-approximately 1610. | |
| 240 | 1 | 0 | |a Psalmi, hymni, ac Magnificat. |p Regina caeli laetere |
| 245 | 1 | 0 | |a Regina caeli laetere : |b for 6 voices / |c Juan Navarro ; transcribed and edited by Bruno Turner. |
| 260 | |a [London] : |b Mapa Mundi, |c c1979. | ||
| 300 | |a 1 score (8 p. ) ; |c 30 cm. | ||
| 490 | 1 | |a Mapa Mundi : Renaissance performing scores. Series A, Spanish church music; |v no. 44 | |
| 500 | |a SSATBarB. | ||
| 500 | |a English translation of text below caption. | ||
| 500 | |a Source: Psalmi, hymni ac magnificat, 1590. | ||
| 650 | 0 | |a Regina Caeli laetare (Music) | |
| 650 | 0 | |a Choruses, Sacred (Mixed voices, 6 parts), Unaccompanied. | |
| 700 | 1 | |a Turner, Bruno. | |
| 830 | 0 | |a Mapa Mundi (Series). |n Series A, |p Spanish church music ; |v no. 44. | |
| 988 | |a 20070830 | ||
| 906 | |0 OCLC | ||


